000 00557nam a2200193Ia 4500
001 64293
008 201223n ii |||gr||||Z||||||465
020 _a978-9387944-89-3
082 _a824
100 _aBy Robin Sarma.
245 0 _aThe 5 AM Club Own Your Morning Elevate Your Life
_cSarma, Robin
_hTextual Documents
250 _aReprinted.
260 _aBombay
_bJaico Publishing House
_c2019.
300 _a314pg:
_c23cm.
653 _aEnglish
653 _aThe 5 AM Club Own Your Morning Elevate Your Life
653 _aG-English
942 _2ddc
_cBK
999 _c65393
_d65393